000 00440nam a2200181Ia 4500
001 24892
005 20260414151114.0
008 260414t1992||||xx |||||||||||||| ||spa||
041 _aESP
082 _a346
_bV63
100 _aVidal Ramírez, Fernando
_eAUT
245 0 _aIntroducción al derecho civil peruano
_b
260 _c1992
300 _a251 páginas :
_c22 cm.
650 _aDER
654 _aCDE
942 _cLIB
_dJUS
_fJUS
_2ddc
_n
999 _c24892
_d24892